000 01133nam a2200337Ic 4500
001 58780
003 CO-BoRNBP
005 20250828142938.0
007 ta
008 200115s2019 ck 000 0 spa d
020 _a9789587808568
040 _aCO-BoRNBP
_bspa
_erda
_cCO-BoRNBP
041 0 _aspa
084 _aP
100 _aPosada Saldarriaga, Pilar
_eaut
_925910
245 1 0 _aComadrita la rana /
_ctexto Pilar Posada ; ilustraciones Paula Ortiz.
250 _aEdición especial
264 1 _aBogotá, Colombia :
_bSM,
_c2019
300 _a[26] páginas :
_bilustraciones en color
336 _2rdacontent
_atexto
_btxt
337 _2rdamedia
_asin mediación
_bn
338 _2rdacarrier
_avolumen
_bnc
490 0 _aPlan Nacional de Lectura y Escritura Leer es mi Cuento / Ministerio de Cultura
521 _aRecomendado para un público infantil mayor de 3 años
650 0 7 _aAnimales acuáticos
_vPoesía
_2lemb
_960836
650 0 4 _aPoesía infantil colombiana
_2LEMB
_9943
650 0 4 _aLiteratura infantil colombiana
_2LEMB
_934
655 _aPoesía
_962912
700 _aOrtiz, Paulita
_eill
942 _2loc
_cBK
999 _c58780
_d58780